Normal view
MARC view
Entry Personal Name
001 - CONTROL NUMBER
- control field: 18002
003 - CONTROL NUMBER IDENTIFIER
- control field: BD-RjUL
005 - DATE AND TIME OF LATEST TRANSACTION
- control field: 20260405105828.0
008 - FIXED-LENGTH DATA ELEMENTS
- fixed length control field: 260405|| aca||aabn | a|a d
040 ## - CATALOGING SOURCE
- Original cataloging agency: BD-RjUL
- Transcribing agency: BD-RjUL
100 ## - HEADING--PERSONAL NAME
- Personal name: Ritzman, Larry P
670 ## - SOURCE DATA FOUND
- Source citation: Work cat.: (BD-RjUL)86313: Krajewski, Lee J. 182808, Operations management :, c2019 [reprinted 2025]